[Event "Las Vegas National op"]
[Site "Las Vegas"]
[Date "2010.06.12"]
[Round "3"]
[White "Liu, Elliott"]
[Black "Kelley, Dereque D"]
[Result "0-1"]
[WhiteElo "2305"]
[BlackElo "2203"]
[PlyCount "120"]
[EventDate "2010.06.11"]
[EventType "swiss"]
[EventRounds "6"]
[EventCountry "USA"]
[SourceTitle "CBM 136 Extra"]
[Source "ChessBase"]
[SourceDate "2010.07.02"]
[SourceVersion "2"]
[SourceVersionDate "2010.07.15"]
[SourceQuality "1"]

1. e4 e5 2. Nf3 Nc6 3. Bb5 a6 4. Ba4 Nf6 5. 0-0 Be7 6. Re1 b5 7. Bb3 d6 8. c3 0-0 9. h3 Na5 10. Bc2 c5 11. d4 Qc7 12. d5 c4 13. Nh2 Nb7 14. f4 exf4 15. Bxf4 Nd7 16. Qh5 g6 17. Qh6 Bf6 18. Ng4 Bg7 19. Qh4 f6 20. Be3 Ne5 21. Nd2 Nc5 22. Nf3 Bxg4 23. hxg4 a5 24. Nd4 Qd7 25. g5 fxg5 26. Bxg5 b4 27. Rf1 Rfe8 28. Bf6 Qg4 29. Qxg4 Nxg4 30. Bxg7 Kxg7 31. Nb5 Rad8 32. Rae1 Ne5 33. Nd4 Rd7 34. Re2 Rf7 35. Rxf7+ Nxf7 36. Nc6 b3 37. axb3 cxb3 38. Bb1 a4 39. Kf2 Ne5 40. Nxe5 Rxe5 41. Ke3 h5 42. g3 g5 43. Rh2 Kg6 44. Kd4 h4 45. gxh4 g4 46. h5+ Kh6 47. Rh1 Rxh5 48. Rg1 Rh2 49. e5 Rxb2 50. exd6 Nb7 51. d7 a3 52. Be4 a2 53. Kc4 Rb1 54. Bxb1 a1Q 55. Kxb3 Nc5+ 56. Kc2 Nxd7 57. Rxg4 Nf6 58. Rd4 Kg5 59. Rd1 Ne4 60. Rd4 Nd6 0-1

[Event "Las Vegas National op"]
[Site "Las Vegas"]
[Date "2010.06.11"]
[Round "2"]
[White "Tregubov, Pavel V"]
[Black "Liu, Elliott"]
[Result "1-0"]
[WhiteElo "2622"]
[BlackElo "2305"]
[PlyCount "47"]
[EventDate "2010.06.11"]
[EventType "swiss"]
[EventRounds "6"]
[EventCountry "USA"]
[SourceTitle "CBM 136 Extra"]
[Source "ChessBase"]
[SourceDate "2010.07.02"]
[SourceVersion "2"]
[SourceVersionDate "2010.07.15"]
[SourceQuality "1"]

1. d4 Nf6 2. c4 g6 3. Nc3 Bg7 4. e4 d6 5. Nge2 0-0 6. Ng3 e5 7. d5 Ng4 8. Be2 Qh4 9. Nb5 Na6 10. Bd2 Bh6 11. Bxg4 Bxg4 12. Qc1 Bxd2+ 13. Qxd2 f5 14. exf5 Bxf5 15. Rc1 Bd7 16. 0-0 Rf4 17. b3 Rf7 18. f3 Bf5 19. Rfe1 Qd8 20. b4 Rd7 21. f4 c6 22. Nc3 Qf6 23. dxc6 bxc6 24. b5 1-0

[Event "Southern California-ch"]
[Site "Los Angeles"]
[Date "2009.08.23"]
[Round "7"]
[White "Kretchetov, Alexandre"]
[Black "Liu, Elliott"]
[Result "1-0"]
[WhiteElo "2365"]
[BlackElo "2356"]
[PlyCount "69"]
[EventDate "2009.08.15"]
[EventType "tourn"]
[EventRounds "7"]
[EventCountry "USA"]
[EventCategory "3"]
[SourceTitle "CBM 131 Extra"]
[Source "ChessBase"]
[SourceDate "2009.09.03"]
[SourceVersion "2"]
[SourceVersionDate "2009.09.16"]
[SourceQuality "1"]

1. Nf3 g6 2. c4 Bg7 3. d4 d6 4. Nc3 c5 5. dxc5 Bxc3+ 6. bxc3 dxc5 7. Qc2 Qa5 8. Rb1 Qa6 9. e4 Nc6 10. Be2 Be6 11. Rb5 b6 12. Ng5 Bd7 13. 0-0 f6 14. Nf3 e5 15. Rd1 0-0-0 16. Nd2 Na5 17. Nf1 Nb7 18. a4 Ne7 19. Ne3 Rhf8 20. Nd5 Nc6 21. Be3 Be6 22. Rdb1 Nba5 23. R1b2 Rd7 24. Qb1 Rb7 25. Qa2 Bd7 26. Qa3 Rf7 27. h3 Rb8 28. Bxc5 bxc5 29. Rxb8+ Nxb8 30. Qxc5+ Bc6 31. Bg4+ f5 32. exf5 gxf5 33. Qd6 Bb7 34. Bxf5+ Nd7 35. Qc7# 1-0

[Event "Southern California-ch"]
[Site "Los Angeles"]
[Date "2009.08.16"]
[Round "3"]
[White "Liu, Elliott"]
[Black "Morshedi, Ali"]
[Result "0-1"]
[WhiteElo "2356"]
[BlackElo "2290"]
[PlyCount "94"]
[EventDate "2009.08.15"]
[EventType "tourn"]
[EventRounds "7"]
[EventCountry "USA"]
[EventCategory "3"]
[SourceTitle "CBM 131 Extra"]
[Source "ChessBase"]
[SourceDate "2009.09.03"]
[SourceVersion "2"]
[SourceVersionDate "2009.09.16"]
[SourceQuality "1"]

1. d4 Nf6 2. Nf3 g6 3. c4 Bg7 4. Nc3 0-0 5. e4 d6 6. Be2 e5 7. 0-0 Nc6 8. d5 Ne7 9. Ne1 Nd7 10. Nd3 f5 11. Bd2 Nf6 12. f3 f4 13. c5 g5 14. Rc1 Ne8 15. Nb5 a6 16. Na3 Ng6 17. Nc4 Rf7 18. cxd6 Nxd6 19. Nc5 Nf8 20. Qb3 Nb5 21. Bc3 Qe7 22. Nd3 Nd7 23. a4 Nxc3 24. Rxc3 Bf8 25. Na5 b6 26. Nc6 Qf6 27. a5 b5 28. Qc2 Rg7 29. b4 h5 30. h3 Bd6 31. Nf2 Qh6 32. Nd8 Nf8 33. Rc1 Bxh3 34. Nb7 g4 35. Nxd6 cxd6 36. Rc7 Bxg2 37. Rxg7+ Qxg7 38. fxg4 f3 39. Qc6 Ra7 40. Qc8 Rd7 41. Qxa6 hxg4 42. Bxb5 g3 43. Rc8 gxf2+ 44. Kxf2 Rf7 45. Bf1 Qg4 46. Rc3 Qh4+ 47. Kg1 Rg7 0-1

[Event "Southern California-ch"]
[Site "Los Angeles"]
[Date "2009.08.15"]
[Round "1"]
[White "Liu, Elliott"]
[Black "He, Tianyi"]
[Result "0-1"]
[WhiteElo "2356"]
[BlackElo "2107"]
[PlyCount "70"]
[EventDate "2009.08.15"]
[EventType "tourn"]
[EventRounds "7"]
[EventCountry "USA"]
[EventCategory "3"]
[SourceTitle "CBM 131 Extra"]
[Source "ChessBase"]
[SourceDate "2009.09.03"]
[SourceVersion "2"]
[SourceVersionDate "2009.09.16"]
[SourceQuality "1"]

1. e4 d6 2. d4 Nf6 3. Nc3 g6 4. Be3 Bg7 5. h3 c6 6. g4 Qa5 7. Bg2 0-0 8. Nge2 Nbd7 9. Ng3 Nb6 10. 0-0 Nc4 11. Bc1 e5 12. d5 cxd5 13. exd5 b5 14. g5 Ne8 15. Nce4 Bb7 16. Qg4 Rd8 17. Qh4 Rc8 18. Nf6+ Nxf6 19. gxf6 Qd8 20. Ne4 h5 21. Bg5 Bh8 22. Ng3 Nb6 23. Rad1 Rc4 24. f4 Qc8 25. Bh6 Qc5+ 26. Kh1 Bxd5 27. Bxd5 Nxd5 28. Nxh5 Ne3 29. Qg5 Qc6+ 30. Kg1 Rxc2 31. Rf2 Rxf2 32. Kxf2 Nxd1+ 33. Ke1 Qe4+ 34. Kxd1 Qf3+ 35. Kd2 Qxh5 0-1

[Event "USA-ch U20"]
[Site "Milwaukee"]
[Date "2009.07.15"]
[Round "5"]
[White "Banawa, Joel Cholo"]
[Black "Liu, Elliott"]
[Result "1-0"]
[WhiteElo "2340"]
[BlackElo "2356"]
[PlyCount "95"]
[EventDate "2009.07.13"]
[EventType "tourn"]
[EventRounds "7"]
[EventCountry "USA"]
[EventCategory "6"]
[SourceTitle "CBM 131 Extra"]
[Source "ChessBase"]
[SourceDate "2009.09.03"]
[SourceVersion "2"]
[SourceVersionDate "2009.09.16"]
[SourceQuality "1"]

1. d4 Nf6 2. c4 g6 3. Nc3 Bg7 4. e4 d6 5. Be2 0-0 6. Nf3 e5 7. 0-0 Na6 8. Be3 Ng4 9. Bg5 Qe8 10. dxe5 dxe5 11. h3 f6 12. Bd2 Nh6 13. c5 Nxc5 14. Qc1 Nf7 15. Nd5 Ne6 16. Nxc7 Nxc7 17. Qxc7 Nd8 18. Rfc1 Be6 19. a4 Rf7 20. Qc2 Nc6 21. b4 Nd4 22. Nxd4 exd4 23. f4 Rd8 24. Bb5 Bd7 25. Bc4 Be6 26. Bb5 Bd7 27. Bd3 Bf8 28. Re1 Re7 29. b5 Be6 30. a5 Qf7 31. Rec1 Red7 32. Qd1 f5 33. e5 Bd5 34. Qe2 Qe6 35. Kh2 b6 36. axb6 axb6 37. Ra6 Ra8 38. Rc6 Bxc6 39. bxc6 Qxc6 40. Bb5 d3 41. Qe1 Qxb5 42. Rxa8 Qc6 43. Qa1 Kf7 44. e6+ Qxe6 45. Qh8 Qd6 46. Qxh7+ Bg7 47. Qg8+ Kf6 48. Bc3+ 1-0